Kedves Pista!

Bibliographic Details
Main Author: Bodnár, Gyula, 1948- (Author)
Format: Article
Language:Hungarian
Subjects:

MARC

LEADER 00000nab a2200000 a 4500
001 vtls000784265
003 SK-MaSNL
005 20260319074908.0
008 160322c2002 xo 0 hun
015 |a SNBRB2002/02-06100 
035 |a CLN000135942 
040 |a SNKBUCL  |b slo  |c SNKBUCL  |e AACR2 
041 0 |a hun 
044 |a xo  |c SK 
080 |a 07-051(437.6=945.11)  |2 UDC-MRF-SK2 
080 |a 792.072  |2 UDC-MRF-SK2 
080 |a 929 Dusza, István  |2 UDC-MRF-SK2 
100 1 |a Bodnár, Gyula,  |d 1948-  |4 aut  |9 100698 
245 1 0 |a Kedves Pista!  |c Bodnár Gyula 
600 1 7 |a Dusza, István,  |d 1951-2002  |2 snkbucl  |9 107816 
655 7 |a články z novín a časopisov  |2 snkbucl  |9 267496 
773 0 |t Új szó  |g Roč. 55, č. 8 (10.1.2002), s. 2 
850 |a Slovenská národná knižnica v Martine 
852 |a SNK  |b KIS3GCP 
958 |a HU 
958 |a SK 
958 |a BX 
958 |a RBX 
999 |c 1365849  |d 1367779